000
00327 a2200157 4500
001
61276
020
_a
8585031816
040
_c
Anchieta - Pituba
100
_a
Lovisolo, Hugo
240
1
0
_a
Educação Física
_l
por
245
1
0
_a
Educação Física
300
_a
152
362
0
_a
1995
650
4
_a
Educação
942
_c
BK
999
_c
61276
_d
61276